Európsky výbor pre poisťovníctvo zverejnil správu za roky 04 - 05
Na internetovej stránke CEA je zverejnená Výročná správa CEA za roky 2004 - 2005. Správa hodnotí súhrnné výsledky európskeho poistného sektora za uplynulé obdobie, mapuje činnosť a spoluprácu CEA s ostatnými inštitúciami v odbore, poukazuje na problémy hlavne v oblasti rozrastajúcej sa legislatívy....
Saved in:
| Main Author: | |
|---|---|
| Format: | Book Chapter |
| Language: | Slovak |
| Subjects: | |
| Tags: |
No Tags, Be the first to tag this record!
|
MARC
| LEADER | 00000naa$a2200000$$$4500 | ||
|---|---|---|---|
| 001 | 0041850 | ||
| 005 | 20231107122219.8 | ||
| 041 | 0 | |a slo | |
| 044 | |a SK | ||
| 245 | 1 | 0 | |a Európsky výbor pre poisťovníctvo zverejnil správu za roky 04 - 05 |c Eva Jacková |
| 520 | |a Na internetovej stránke CEA je zverejnená Výročná správa CEA za roky 2004 - 2005. Správa hodnotí súhrnné výsledky európskeho poistného sektora za uplynulé obdobie, mapuje činnosť a spoluprácu CEA s ostatnými inštitúciami v odbore, poukazuje na problémy hlavne v oblasti rozrastajúcej sa legislatívy. Podrobnejšie sa venuje významnejším témam a projektom, ktoré boli úspešne rozpracované, prípadne dokončené v poslednom období. | ||
| 610 | 2 | 0 | |a poisťovníctvo |
| 610 | 2 | 0 | |a združenia |
| 610 | 2 | 0 | |a Európa |
| 610 | 2 | 0 | |a správy výročné |
| 100 | 1 | |a Jacková, Eva | |